Handbook of poultry nutrition for the use of feed manufacturers, feed dealers, feed salesmen and service men, veterinarians, hatcherymen, breeders and poultrymen. : A text and reference book for students and all persons interested in poultry feeds and feeding /

Bibliographic Details
Main Author: Ewing, W. Ray (William Ray), 1894-1980
Format: Book
Language:English
Published: Upper Montclair, N.J. : W. R. Ewing, [1941]
Edition:1st printed ed.
Subjects:

MARC

Tag First Indicator Second Indicator Subfields
LEADER 00000cam a2200000 4500
001 in00000035003
005 20151007063504.0
008 770914s1941 njuacf b 00010 eng
010 |a  41012820  
035 |a (OCoLC)03263890 
035 |9 AAD7521AM 
040 |a DLC  |c OCP  |d TXA  |d UtOrBLW 
049 |a TXAM  |c [100637] 
050 0 |a QP801.V5  |b E9 
082 0 |a 636.5084 
092 |a 636.5084  |b E95h 
100 1 |a Ewing, W. Ray  |q (William Ray),  |d 1894-1980. 
245 1 0 |a Handbook of poultry nutrition for the use of feed manufacturers, feed dealers, feed salesmen and service men, veterinarians, hatcherymen, breeders and poultrymen. :  |b A text and reference book for students and all persons interested in poultry feeds and feeding /  |c [By] W. Ray Ewing. 
250 |a 1st printed ed. 
264 1 |a Upper Montclair, N.J. :  |b W. R. Ewing,  |c [1941] 
264 4 |c [©1941] 
300 |a xxii, 840 pages including illustrations, tables, diagrams :  |b frontispiece (portrait) color plates. ;  |c 24 cm. 
336 |a text  |b txt  |2 rdacontent 
337 |a unmediated  |b n  |2 rdamedia 
338 |a volume  |b nc  |2 rdacarrier 
504 |a "References" at end of most of the chapters. 
650 0 |a Poultry. 
650 0 |a Feeds. 
650 0 |a Vitamins. 
740 0 |a Poultry nutrition. 
999 |a MARS 
999 f f |s 89f867f7-8c2b-3949-8014-7e242cc4a3ea  |i 86489589-8705-35b6-9a95-a2b2b884c1c7  |t 0 
952 f f |p normal  |a Texas A&M University  |b College Station  |c Sterling C. Evans Library  |d Evans: Library Stacks  |t 0  |e QP801.V5 E9  |h Library of Congress classification  |i unmediated -- volume  |m A14801092675 
998 f f |a QP801.V5 E9  |t 0  |l Evans: Library Stacks